| 000 | 00381nam a2200145Ia 4500 | ||
|---|---|---|---|
| 008 | 231129s2000||||xx |||||||||||||| ||spa|| | ||
| 020 | _a958-33-1329-7 (v.1) | ||
| 040 | _bspa | ||
| 082 | _aR 927.809861 o58v | ||
| 100 | _aOnate Rivero Rafael | ||
| 245 | 0 | _aVallenatos inmortales | |
| 260 | _c2000 | ||
| 264 | _aGraficas Ducal | ||
| 942 |
_2ddc _cBKS |
||
| 999 |
_c26105 _d26105 |
||